000 01609nam0a2200325 4500
001 RU\NLR\BIBL_A\016341828
005 20260405210110.0
010 _a978-5-00172-030-0
_9500
035 _a(NLR Aleph) 016341828
090 _a13094159
_c13094159
100 _a20230412d2020 |||y0rusy50 ca
101 0 _arus
102 _aRU
105 _aa z 000yy
181 0 _ai3
_baxxe
182 0 _an
200 1 _aМотивация эффективной управленческой деятельности
_eмонография
_fА. А. Николаев
_gФедеральное государственное образовательное бюджетное учреждение высшего образования "Финансовый университет при правительстве Российской Федерации"
203 _aТекст
_bвизуальный
_cнепосредственный
210 _aМосква
_cПрометей
_d2020
215 _a225, [1] с.
_cтабл.
_d21
300 _aНа 4-й с. обл. авт.: Николаев А. А., канд. филос. наук, доц.
320 _aБиблиогр.: с. 197-201 (42 назв.)
606 1 _aУправленческий труд
_xМотивация
_92302165
_3RU\NLR\AUTH\661378248
686 1 _aС550.373
686 1 _aУ24(2)920.12(2Р)
700 1 _7ca
_8rus
_aНиколаев
_bА. А.
_cканд. филос. наук
_gАлександр Александрович
_976221
_3RU\NLR\AUTH\7793295
942 _cBOOK
980 _aNB